Genetics (Record no. 396077)

MARC details
000 -LEADER
fixed length control field 00448 a2200193 4500
005 - DATE & TIME
control field 20260409124451.0
008 - FIXED-LENGTH DATA ELEMENTS--GENERAL INFORMATION
fixed length control field 260409b |||||||| |||| 00| 0 eng d
020 ## - ISBN
International Standard Book Number 9789393168078
Price Rs. 895.00
040 ## - CATALOGING SOURCE
Original cataloging agency VIVEKANANDA LIBRARY
082 ## - DDC NUMBER
Classification number 575.1
Book Number S64G(4)
100 ## - MAIN ENTRY--PERSONAL NAME
Personal name Singh, B D
245 ## - TITLE STATEMENT
Title Genetics
250 ## - EDITION STATEMENT
Edition statement 4th
260 ## - PUBLICATION, DISTRIBUTION, ETC. (IMPRINT)
Name of publisher, distributor, etc Medtech
Date of publication, distribution, etc 2026
Place of publication, distribution, etc New Delhi
300 ## - PHYSICAL DESCRIPTION
Pages xxxiii, 814
650 ## - Subject
Subject Genetics
650 ## - Subject
Subject Cell Division
942 ## - ADDED ENTRY ELEMENTS (KOHA)
Koha item type Books
Holdings
Withdrawn status Lost status Source of classification or shelving scheme Damaged status Not for loan Location (home branch) Sublocation or collection (holding branch) Shelving location Date acquired Koha issues (times borrowed) Koha full call number Accession No. Koha date last seen Koha item type
    Dewey Decimal Classification     VIVEKANANDA LIBRARY VIVEKANANDA LIBRARY Vivekananda Library 22/01/2026   575.1 S64G(4) 444519 22/01/2026 Books
© Designed and Maintained by Vivekananda Library, MDU Rohtak